Social structure & cultural change in a Bhil village (Record no. 343187)

000 -LEADER
fixed length control field 00351cam a22001217a 4500
008 - FIXED-LENGTH DATA ELEMENTS--GENERAL INFORMATION
fixed length control field 180718b1977 xxu||||| |||| 00| 0 eng d
082 ## - DEWEY DECIMAL CLASSIFICATION NUMBER
Classification number BA27x5434 D74s
100 ## - MAIN ENTRY--PERSONAL NAME
Personal name Doshi, J.K.
245 ## - TITLE STATEMENT
Title Social structure & cultural change in a Bhil village
Statement of responsibility, etc. by J.K. Doshi
260 ## - PUBLICATION, DISTRIBUTION, ETC.
Place of publication, distribution, etc. Delhi
Name of publisher, distributor, etc. New Heights
Date of publication, distribution, etc. 1977
300 ## - PHYSICAL DESCRIPTION
Extent 184p.
650 ## - SUBJECT ADDED ENTRY--TOPICAL TERM
Topical term or geographic name entry element Bhil (Indic people)
Holdings
Withdrawn status Lost status Damaged status Not for loan Permanent Location Current Location Date acquired Full call number Barcode Date last seen Price effective from Koha item type
        Indian Institute of Public Administration Indian Institute of Public Administration 1993-09-28 BA27x5434 D74s 52737 2018-07-21 2018-07-21 Book

Powered by Koha